000 00504nam a2200193Ia 4500
008 170203s9999 xx 000 0 und d
050 _aFic
050 _bT874
245 _aTreasure Island /
650 _aAdventure and adventurers.
650 _aJuvenile fiction.
650 _aJuvenile fiction.
650 _aJuvenile fiction.
650 _aTreasure Island (Imaginary place) --
650 _xFriendship --
650 _xJuvenile fiction.
650 _xMutiny --
650 _xSailors --
999 _c306321
_d306321